Σχεδιογραφία τεχνικού σχεδίου

Saved in:
Bibliographic Details
Other Authors: Heinzler, Max
Format: Book
Language:Greek
German
Published: Αθήνα : Ευρωπαϊκές Τεχνολογικές Εκδόσεις, c1994.
Series:Βιβλιοθήκη του μηχανολόγου
Subjects:
Tags: Add Tag
No Tags, Be the first to tag this record!

MARC

LEADER 00000cam a2200000 a 4500
001 1/121709
008 200710s1994####gr | ||| |||| ||gre||
020 |a 9603310182 
040 |a GR-MyUa  |b gre  |c GR-MyUa  |e AACR2 
041 1 |a gre  |h ger 
082 7 |a 604.2   |2 (23) 
245 0 0 |a Σχεδιογραφία τεχνικού σχεδίου /   |c Heinzler Max … [κ.ά.] ; απόδοση στην ελληνική γλώσσα: Μελέτιος Δ. Βούλγαρης. 
260 |a Αθήνα :   |b Ευρωπαϊκές Τεχνολογικές Εκδόσεις,   |c c1994. 
300 |a [132] φύλλα, 31 σ. :   |b εικ. ;   |c 29 εκ. 
490 1 |a (Βιβλιοθήκη του μηχανολόγου) 
500 |a Τίτλος πρωτοτύπου: Grundbildung Metalltechnik : Arbeitsblatter. 
650 0 |a Engineering drawings  |x Study and teaching. 
650 0 |a Mechanical drawing  |x Study and teaching. 
700 1 |a Heinzler, Max. 
830 0 |a Βιβλιοθήκη του μηχανολόγου 
852 |a INST  |b SYROS  |e 20200709  |h 604.2 ΣΧΕ  |p 005500014894  |q 005500014894  |t BK  |y 0 
920 |a Κοντού  |b Δέσποινα  |y Σύρος  |z 2019-12 
970 |a Κοντού  |b Παρασκευή  |z 10/07/2020